000 00959nam a2200253 i 4500
001 185077
003 SpMaBN
005 20240128062950.0
008 160317s1987 sp aco |||| |bspa d
020 _a84-7584-061-2
080 _a929 Flaubert, Gustave
080 _a821.133.1-6"18"
100 1 _aFlaubert, Gustave,
_d1821-1880
_951134
245 1 0 _aCartas del viaje a Oriente /
_cGustave Flaubert ; prólogo, traducción y notas de Ricardo Cano Garivia [i.e. Gaviria].
260 _aBarcelona :
_bLaertes,
_c[1987]
300 _a327 p. :
_bil., retr. ;
_c20 cm.
490 1 _aNan Shan ;
_v29
505 8 _aContiene: ;
_tGustave Flaubert y la melancolía de los paquebotes /
_rR. Cano Gaviria
600 1 4 _aFlaubert, Gustave,
_d1821-1880-
_xCorrespondencia
_951135
700 1 _aCano Gaviria, Ricardo.
_934548
830 0 _aNan Shan ;
_v29
_9182361
852 _aES-MaACL
_jL-30268
_z. - Donat. Miguel A. Velasco
999 _c185077
_d185077